Optical microscope technique / (Record no. 11837)

MARC details
000 -LEADER
fixed length control field 00896cam a22002651i 4500
001 - CONTROL NUMBER
control field 4531400
003 - CONTROL NUMBER IDENTIFIER
control field EG-ScBUE
005 - DATE AND TIME OF LATEST TRANSACTION
control field 20260308092253.0
008 - FIXED-LENGTH DATA ELEMENTS--GENERAL INFORMATION
fixed length control field 850319s1961 enka frb 001 0 eng
040 ## - CATALOGING SOURCE
Original cataloging agency EG-ScBUE
Language of cataloging eng
Description conventions rda
Transcribing agency EG-ScBUE
Modifying agency EG-ScBUE
082 04 - DEWEY DECIMAL CLASSIFICATION NUMBER
Classification number 570.282
Item number BIR
Edition number 22
100 1# - MAIN ENTRY--PERSONAL NAME
Personal name Birchon, D.
Fuller form of name (Donald),
9 (RLIN) 6189
Relator term author.
245 10 - TITLE STATEMENT
Title Optical microscope technique /
Statement of responsibility, etc by D. Birchon, B.Sc., A.I.M., A.I.Mar.E., F.R.M.S.
250 ## - EDITION STATEMENT
Edition statement First edition.
264 #1 - PUBLICATION, DISTRIBUTION, ETC. (IMPRINT)
Place of publication, distribution, etc London :
Name of publisher, distributor, etc George Newnes Limited,
Date of publication, distribution, etc 1961.
300 ## - PHYSICAL DESCRIPTION
Extent x, 274 pages :
Other physical details illustrations ;
Dimensions 23 cm.
336 ## - CONTENT TYPE
Source rdacontent
Content type term text
Content type code txt
337 ## - MEDIA TYPE
Media type term unmediated
Source rdamedia
Media type code n
338 ## - CARRIER TYPE
Carrier type term volume
Carrier type code nc
Source rdacarrier
490 0# - SERIES STATEMENT
Series statement Newnes practical science books
504 ## - BIBLIOGRAPHY, ETC. NOTE
Bibliography, etc Includes bibliographical references and index.<br/>
650 #7 - SUBJECT ADDED ENTRY--TOPICAL TERM
Topical term or geographic name as entry element Microscopy
General subdivision Technique.
9 (RLIN) 6191
Source of heading or term BUEsh
655 ## - INDEX TERM--GENRE/FORM
Form subdivision Reading book
942 ## - ADDED ENTRY ELEMENTS (KOHA)
Source of classification or shelving scheme Dewey Decimal Classification
Koha item type Book - Borrowing
Holdings
Withdrawn status Lost status Source of classification or shelving scheme Damaged status Not for loan Collection code Home library Current library Shelving location Date acquired Source of acquisition Cost, normal purchase price Total Checkouts Full call number Barcode Date last seen Price effective from Koha item type
    Dewey Decimal Classification     Alef-Baa Central Library Central Library First floor 16/06/2009   150.00   570.282 BIR 000016866 15/07/2025 16/06/2009 Book - Borrowing